000 00207 a2200097 4500
001 45709
100 _a
245 _aEncyclopedia of world art
260 _aNew York
_bMcGraw-Hill
_c
090 _c28874
_d28874
942 _aNUST-CAE
_cM
_c20973
999 _c280782
_d280782